El interés directo en los derechos español y fránces
Gorde:
| Egile nagusia: | |
|---|---|
| Formatua: | Liburua |
| Hizkuntza: | gaztelania |
| Argitaratua: |
Madrid
Instituto de Estudios de Administración Local
1977
|
| Saila: | Estudios de Administración Local
|
| Gaiak: | |
| Etiketak: |
Etiketa erantsi
Etiketarik gabe, Izan zaitez lehena erregistro honi etiketa jartzen!
|
MARC
| LEADER | 00000nam a2200000 a 4500 | ||
|---|---|---|---|
| 001 | UCS5387 | ||
| 003 | CL-VaPUC | ||
| 008 | 970830e19770000SP |||||||||||||||||spa|d | ||
| 082 | 0 | 4 | |a 342.06 |b SAN |2 21 |
| 100 | 0 | |a Sánchez Isac, Jaime |e author |9 391192 | |
| 245 | 1 | 3 | |a El interés directo en los derechos español y fránces |
| 300 | |a 430 p | ||
| 942 | |c BK | ||
| 945 | |d 19970830 00:00:00 |a lriquelm | ||
| 260 | |a Madrid |b Instituto de Estudios de Administración Local |c 1977 | ||
| 650 | 0 | |a Derecho administrativo |9 254851 | |
| 650 | 0 | |a Interés |9 336484 | |
| 650 | 0 | |a Derecho francés |9 385145 | |
| 650 | 0 | |a Derecho español |9 255291 | |
| 650 | 0 | |a Jurisprudencia administrativa |9 384120 | |
| 650 | 0 | |a Derecho procesal administrativo |9 391193 | |
| 650 | 0 | |a Administración local |9 391179 | |
| 651 | 0 | |a España |9 254926 | |
| 651 | 0 | |a Francia |9 255157 | |
| 583 | |a last modification |c 19970830 00:00:00 |k Rodrigo Vera | ||
| 490 | 0 | |a Estudios de Administración Local | |
| 999 | |c 261900 |d 261898 | ||
| 952 | |0 0 |1 0 |4 0 |6 342_060000000000000_SAN_1977 |7 0 |8 A |9 289807 |a BIBDER |b BIBDER |d 2019-11-19 |i 1877410 |l 2 |o 342.06 SAN 1977 |p 1877410 |r 2023-01-25 |s 2022-11-07 |w 2019-11-19 |y BK |k DER | ||